Responses for show #5445 - Friday, April 18, 2008

Contestants

[<< previous game]

Carrie Wright, a marketing specialist from Spartanburg, South Carolina

Gabriel Schechter, a researcher from Cooperstown, New York

Chris Zane, a benefits administrator from Westminster, Maryland (whose 3-day cash winnings total $57,201)

[next game >>]

Jeopardy! Round responses

I'M AN ANIMAL
THE NFL
LAMPLIGHTERS
HELP!
STATE LAKES
(Alex: We'll give you the lake, you ID the state.)
"LING"O
    $200 1
[Alex reads "KSC" as "Kennedy Space Center".]

alligators

Carrie
    $200 6
the 49ers

Carrie
    $200 7
Aladdin

Chris
    $200 15
Sgt. Pepper's Lonely Hearts Club Band

Gabriel
    $200 12
Hawaii

Carrie
    $200 20
a sibling

Gabriel
    $400 2
a cricket

Chris
    $400 8
(Chris: What is Jacksonville Jaguars?)

the New Orleans Saints

Chris
Triple Stumper
    $400 27
the Statue of Liberty

Carrie
    $400 18
the Marshall Plan

Carrie
    $400 13
California & Nevada

Chris
    $400 23
a dumpling

Carrie
    $600 3
black bears

Carrie
    $600 9
Brett Favre

Chris
    $600 28
(Alex: She's the "Lady of the Lamp", yes.)

Florence Nightingale

Carrie
    $600 19
an intern

Chris
    $600 14
Idaho

Chris
    $600 24
babbling

Gabriel
    $800 4
(Carrie: What is a gnu?)

a gazelle

Carrie
Triple Stumper
    $800 10
the Raiders

Gabriel
    $800 29
the Old North Church

Carrie
    $800 21
Count Dracula

Triple Stumper
    $800 16
Florida

Gabriel
    $800 25
an inkling

Chris
    $1000 5
an osprey

Gabriel
    $1000 11
the Colts

Gabriel
    $1000 30
Diogenes

Chris
    $2,000 22
Malcolm X

Gabriel
    $1000 17
(Chris: What is Georgia?)

Tennessee

ChrisGabriel
    $1000 26
a fledgling

Chris

Scores at the first commercial break (after clue 17):

Chris Gabriel Carrie
$800 $4,800 $400

Scores at the end of the Jeopardy! Round:

Chris Gabriel Carrie
$4,200 $7,600 $3,000

Double Jeopardy! Round responses

NATIVE AMERICANS
BIRD-BRAINED TELEVISION
WORLD RELIGION
"EGO" MANIAC
BACON
EGGS
    $400 26
Sacagawea

Carrie
    $400 2
The Partridge Family

Chris
    $400 21
Leo

Gabriel
    $400 1
the Gregorian calendar

Chris
    $400 7
(Alex: He was [*]--not here in the United States, of course.)

Attorney General

Triple Stumper
    $400 9
deviled eggs

Carrie
    $800 27
Crazy Horse

Gabriel
    $800 3
Lonesome Dove

Chris
    $800 22
Patrick

Chris
    $800 17
Herzegovina

Gabriel
    $800 8
(Chris: What is France?)
(Gabriel: What's the Soviet Union?)

Iran

ChrisGabriel
Triple Stumper
    $800 10
oysters

Gabriel
    $1200 28
Oshkosh

Gabriel
    $1200 4
Falcon Crest

Chris
    $1200 23
whirling

Carrie
    $1200 18
Montego Bay

Carrie
    $1,600 11
Machiavelli

Gabriel
    $1200 14
a Scotch egg

Chris
    $1600 29
Buffy Sainte-Marie

Triple Stumper
    $1600 5
F-Troop

Chris
    $1600 24
the Torah

Gabriel
    $3,500 19
(Carrie; What issss...)
(Alex: Say it!)

Segovia

Carrie
    $1600 12
Aristotle

Gabriel
    $1600 15
frittata

Carrie
    $2000 30
King Philip

Triple Stumper
    $2000 6
(Alex: Oh, we slowed you down with [*]. Did you see the series?)
(Chris: Not really.)
(Alex: Not really? That's why it wasn't on the air for very long.)

Flamingo Road

Triple Stumper
    $2000 25
Elijah Muhammad

Gabriel
    $2000 20
Misbegotten

Gabriel
    $2000 13
(Carrie: What is the Socratic method?)
...
(Alex: What is, not deduction, but [*]?)

induction

Carrie
Triple Stumper
    $2000 16
matzo brei

Triple Stumper

Scores at the end of the Double Jeopardy! Round:

Chris Gabriel Carrie
$9,800 $19,600 $2,300
(lock-tie game)

[wagering suggestions for these scores]

Final Jeopardy! Round responses

THE OSCARS
CarrieWhat is The Godfather + Lord of the Rings
$0
ChrisWhat is Lord of the Rings & Shreck 1, 2, 3?
$9,800
GabrielWhat are The Godfather + Lord of the Rings
$0
The Godfather & The Lord of the Rings

Final scores:

Chris Gabriel Carrie
$0 $19,600 $2,300
3rd place: $1,000 New champion: $19,600 2nd place: $2,000

Game dynamics:

Coryat scores:

Chris Gabriel Carrie
$9,800 $18,200 $5,800
16 R,
3 W
19 R
(including 2 DDs),
1 W
14 R,
3 W
(including 1 DD)

Combined Coryat: $33,800

The J! Archive is created by fans, for fans. The Jeopardy! game show and all elements thereof, including but not limited to copyright and trademark thereto, are the property of Jeopardy Productions, Inc. and are protected under law. This website is not affiliated with, sponsored by, or operated by Jeopardy Productions, Inc. Join the discussion at JBoard.tv.